<?xml version="1.0" encoding="UTF-8"?>
<record
    xmlns:xsi="http://www.w3.org/2001/XMLSchema-instance"
    xsi:schemaLocation="http://www.loc.gov/MARC21/slim http://www.loc.gov/standards/marcxml/schema/MARC21slim.xsd"
    xmlns="http://www.loc.gov/MARC21/slim">

  <leader>02096nam a2200385   4500</leader>
  <controlfield tag="005">20231109111340.0</controlfield>
  <controlfield tag="007">sd uzzgzdpez</controlfield>
  <controlfield tag="008">231030b        |||||||| |||| 00| 0 spa d</controlfield>
  <datafield tag="028" ind1=" " ind2=" ">
    <subfield code="a">195448967890</subfield>
    <subfield code="b">Artis Hallazgo.</subfield>
  </datafield>
  <datafield tag="050" ind1="0" ind2="4">
    <subfield code="a">M1037.4</subfield>
    <subfield code="b">D54 2000</subfield>
  </datafield>
  <datafield tag="100" ind1="1" ind2=" ">
    <subfield code="a">Diego, Guillermo.</subfield>
  </datafield>
  <datafield tag="245" ind1="1" ind2="0">
    <subfield code="a">3 conciertos para guitarra y orquesta</subfield>
    <subfield code="c"> / Guillermo Diego ; grabaci&#xF3;n y producci&#xF3;n Juan Switalski ; asistente de producci&#xF3;n Francisco Villegas ; arte y dise&#xF1;o Aurora Lara y Gerardo Merendiz ; fotograf&#xED;a Guillermo Diego, Antonio Berlanga ; guitarra de Martin Madrigal ; Guitarra de Juan Carlos Laguna ; Guitarra de Antonio Laguna.</subfield>
  </datafield>
  <datafield tag="246" ind1=" " ind2=" ">
    <subfield code="a">Tres conciertos para guitarra y orquesta.</subfield>
  </datafield>
  <datafield tag="250" ind1=" " ind2=" ">
    <subfield code="a">1a ed.</subfield>
  </datafield>
  <datafield tag="260" ind1=" " ind2=" ">
    <subfield code="a">M&#xE9;xico : </subfield>
    <subfield code="b">Artis Hallazgo, </subfield>
    <subfield code="c">2020</subfield>
  </datafield>
  <datafield tag="300" ind1=" " ind2=" ">
    <subfield code="a">1 disco compacto ( 121:76) :</subfield>
    <subfield code="c">4 3/4 plg. ;</subfield>
    <subfield code="e">+ 1 folleto (16 p. : il. ;  12 cm.)</subfield>
  </datafield>
  <datafield tag="306" ind1=" " ind2=" ">
    <subfield code="a">( 121:76)</subfield>
  </datafield>
  <datafield tag="505" ind1="0" ind2=" ">
    <subfield code="t">Concierto Mexicano (Homenaje a M.M. Ponce), (24:56)</subfield>
    <subfield code="t">1. I. Episodio mexicano (8:45)</subfield>
  </datafield>
  <datafield tag="505" ind1="0" ind2=" ">
    <subfield code="t">2. II. Serenata al pie de la rotonda (10:38)</subfield>
  </datafield>
  <datafield tag="505" ind1="0" ind2=" ">
    <subfield code="r">solista Mart&#xED;n Madrigal, director: Natanael Espinoza</subfield>
    <subfield code="t">3. III Floreo (5:53) / </subfield>
  </datafield>
  <datafield tag="505" ind1="0" ind2=" ">
    <subfield code="r">solista Juan Carlos Laguna, director: Jes&#xFA;s Almanza</subfield>
    <subfield code="t">4 Bolero de sangre (Homenaje a los Tr&#xED;os), (20:50) / </subfield>
  </datafield>
  <datafield tag="505" ind1="0" ind2=" ">
    <subfield code="t">Concierto Monterrey para 2 guitarristas y orquesta (26:37). (Fantas&#xED;a sobre las monta&#xF1;as)</subfield>
    <subfield code="t">5. I. Donde majestuosas se yerguen las monta&#xF1;as (10:11) </subfield>
  </datafield>
  <datafield tag="505" ind1="0" ind2=" ">
    <subfield code="t">6. II. Romance de los montes (7:47)</subfield>
  </datafield>
  <datafield tag="505" ind1="0" ind2=" ">
    <subfield code="t">7. III. Danza para el ritual nocturno de los cerros (2:35)</subfield>
  </datafield>
  <datafield tag="505" ind1="0" ind2=" ">
    <subfield code="r">solistas: Juan Carlos Laguna y Antonio Laguna, director: Natanael Espinoza</subfield>
    <subfield code="t">8. IV. Festejo y renovaci&#xF3;n de la sierra (6:04) / </subfield>
  </datafield>
  <datafield tag="650" ind1=" " ind2="7">
    <subfield code="2">lemb</subfield>
    <subfield code="a">Conciertos</subfield>
  </datafield>
  <datafield tag="650" ind1=" " ind2="7">
    <subfield code="2">lemb</subfield>
    <subfield code="a">Guitarra</subfield>
  </datafield>
  <datafield tag="700" ind1="1" ind2=" ">
    <subfield code="a">Laguna, Juan Carlos, </subfield>
    <subfield code="e">guitarrista</subfield>
  </datafield>
  <datafield tag="700" ind1="1" ind2=" ">
    <subfield code="a">Madrigal, Mart&#xED;n, </subfield>
    <subfield code="e">guitarrista</subfield>
  </datafield>
  <datafield tag="700" ind1="1" ind2=" ">
    <subfield code="a">Laguna, Antonio, </subfield>
    <subfield code="e">guitarrista</subfield>
  </datafield>
  <datafield tag="700" ind1="1" ind2=" ">
    <subfield code="a">Espinoza, Natanael, </subfield>
    <subfield code="e">director</subfield>
  </datafield>
  <datafield tag="700" ind1="1" ind2=" ">
    <subfield code="a">Almanza, Jes&#xFA;s, </subfield>
    <subfield code="e">director</subfield>
  </datafield>
  <datafield tag="710" ind1="2" ind2=" ">
    <subfield code="a">Orquesta Filarm&#xF3;nica del Desierto de Cohauila.</subfield>
  </datafield>
  <datafield tag="942" ind1=" " ind2=" ">
    <subfield code="2">lcc</subfield>
    <subfield code="n">0</subfield>
    <subfield code="c">DIC</subfield>
  </datafield>
  <datafield tag="999" ind1=" " ind2=" ">
    <subfield code="c">168828</subfield>
    <subfield code="d">168826</subfield>
  </datafield>
  <datafield tag="952" ind1=" " ind2=" ">
    <subfield code="0">0</subfield>
    <subfield code="1">0</subfield>
    <subfield code="2">lcc</subfield>
    <subfield code="4">0</subfield>
    <subfield code="7">0</subfield>
    <subfield code="a">LIC-037</subfield>
    <subfield code="b">LIC-037</subfield>
    <subfield code="c">CONSULTA</subfield>
    <subfield code="d">2023-10-30</subfield>
    <subfield code="e">DON</subfield>
    <subfield code="g">1.00</subfield>
    <subfield code="l">0</subfield>
    <subfield code="o">M1037.4 D54 2000</subfield>
    <subfield code="p">BBA000003519</subfield>
    <subfield code="r">2023-10-30 00:00:00</subfield>
    <subfield code="t">1</subfield>
    <subfield code="v">1.00</subfield>
    <subfield code="y">DIC</subfield>
  </datafield>
  <datafield tag="952" ind1=" " ind2=" ">
    <subfield code="0">0</subfield>
    <subfield code="1">0</subfield>
    <subfield code="2">lcc</subfield>
    <subfield code="4">0</subfield>
    <subfield code="7">0</subfield>
    <subfield code="a">LIC-037</subfield>
    <subfield code="b">LIC-037</subfield>
    <subfield code="c">GENERAL</subfield>
    <subfield code="d">2023-11-09</subfield>
    <subfield code="e">DON</subfield>
    <subfield code="g">1.00</subfield>
    <subfield code="l">0</subfield>
    <subfield code="o">M1037.4 D54 2000</subfield>
    <subfield code="p">BBA000003520</subfield>
    <subfield code="r">2023-11-09 00:00:00</subfield>
    <subfield code="t">2</subfield>
    <subfield code="v">1.00</subfield>
    <subfield code="y">DIC</subfield>
  </datafield>
</record>
